Die 20 MSV Duisburg-Spieler mit den meisten Einsätzen - Statistiken

Allgemein
  • Dieses Quiz wurde 28 mal gespielt
  • Das Durchschnittsergebnis liegt bei 5 aus 20
Antwortstatistiken
Nationalität Jahre Einsätze Antwort % Korrekt
Deutschland 1970-1982 484 Bernard Dietz
95%
Deutschland 1971-1979 295 Ronald Worm
40%
Deutschland 1964-1978 469 Michael Bella
35%
Deutschland 1997-2008 317 Carsten Wolters
30%
Deutschland 1965-1977 396 Detflef Pirsig
25%
Deutschland 1955-1969 235 Günter Preuß
25%
Deutschland 1972-1984 413 Herbert Büssers
25%
Deutschland 2011-2019 260 Kevin Wolze
25%
Deutschland 1971-1983 381 Rudolf Seliger
25%
Deutschland 1979-19861989-1996 409 Franz-Josef Steininger
20%
Niederlande 1974-19791982-1984 275 Kees Bregman
20%
Deutschland 1954-1969 290 Ludwig Nolden
20%
Deutschland 1975-1983 289 Gerhard Heinze
15%
Deutschland 1993-2002 270 Torsten Wohlert
15%
Deutschland 1957-1969 296 Werner Lotz
15%
Deutschland 1959-1972 376 Hartmud Heidemann
10%
Deutschland 1967-1976 245 Bernd Lehmann
5%
Polen 1978-1986 289 Manfred Dubski
5%
Deutschland 1983-1994 239 Michael Struckmann
5%
Deutschland 1984-1994 254 Patrick Notthoff
5%
Keine übereinstimmenden Quizze gefunden
Verteilung der Resultate
Anzahl Personen mit jedem Resultat
Perzentil nach korrekt beantworteten Fragen
Ihre Resultats-Entwicklung
Sie haben dieses Quiz noch nicht gespielt